| 000 | 00638nam a22002177a 4500 | ||
|---|---|---|---|
| 999 |
_c2915 _d2915 |
||
| 001 | 20785 | ||
| 003 | BD-DhUAP | ||
| 005 | 20200229151946.0 | ||
| 008 | 200229s2017 sz a|||| |||| 00| 0 eng d | ||
| 020 | _a9783858817877 | ||
| 040 |
_aBD-DhUAP _bEng _cBD-DhUAP _dBD-DhUAP |
||
| 082 |
_223 _a779.9954922 CHO |
||
| 100 | _aChowdhury, Kashef. | ||
| 245 |
_aDhaka, memories or lost / _cKashef Chowdhury. |
||
| 260 |
_aZurich : _bScheidegger & Spiess. _cc2017. |
||
| 300 |
_aunnumbered pages : _billustrations ; _c32 cm. |
||
| 600 | _aChowdhury, Kashef. | ||
| 650 | _aPhotography, Artistic. | ||
| 651 | _aBangladesh--Dhaka. | ||
| 942 |
_2ddc _cBK |
||